| 000 | 00479nam a2200181 4500 | ||
|---|---|---|---|
| 001 | 132370 | ||
| 003 | ES-MaACL | ||
| 005 | 20260601155229.0 | ||
| 007 | t| | ||
| 008 | 070214s1912 fr r ||||1| fre d | ||
| 100 | 1 |
_aRolland, Romain, _d1866-1944 _9239240 |
|
| 245 | 1 | 0 |
_aMusiciens d'aujourd hui / _cRomain Rolland. |
| 250 | _a5ยช. ed. | ||
| 260 |
_aCoulommiers : _bPaul Brodard, _c1912. |
||
| 300 |
_a278 p. ; _c18 cm. |
||
| 852 |
_aES-MaACL _jF-1659 |
||
| 999 |
_c132370 _d132370 |
||